Technical physics (Record no. 5889)

000 -LEADER
fixed length control field 00474nam a2200193 a 4500
001 - CONTROL NUMBER
control field 5889
003 - CONTROL NUMBER IDENTIFIER
control field BD-DhUET
008 - FIXED-LENGTH DATA ELEMENTS--GENERAL INFORMATION
fixed length control field 920706c19939999nyumr p 0 a0eng c
020 ## - INTERNATIONAL STANDARD BOOK NUMBER
International Standard Book Number 0060410329
040 ## - CATALOGING SOURCE
Original cataloging agency NSDP
Transcribing agency NSDP
Modifying agency BD-DhUET
082 00 - DEWEY DECIMAL CLASSIFICATION NUMBER
Classification number 530
Item number BUE/1981
100 ## - MAIN ENTRY--PERSONAL NAME
Personal name Bueche, Frederick
245 10 - TITLE STATEMENT
Title Technical physics
Statement of responsibility, etc. by Frederick Bueche
250 ## - EDITION STATEMENT
Edition statement 2nd ed.
260 ## - PUBLICATION, DISTRIBUTION, ETC. (IMPRINT)
Place of publication, distribution, etc. NewYork
Name of publisher, distributor, etc. Harper & Row Publisher
Date of publication, distribution, etc. 1981
300 ## - PHYSICAL DESCRIPTION
Extent XV,768 p.
650 #0 - SUBJECT ADDED ENTRY--TOPICAL TERM
Topical term or geographic name as entry element Physics
942 ## - ADDED ENTRY ELEMENTS (KOHA)
Koha item type General Book
Holdings
Location (home branch) Not for loan Date acquired Piece designation (barcode) Copy number Koha date last seen Price effective from Koha normalized classification for sorting Sublocation or collection (holding branch) Koha item type Withdrawn status Damaged status Shelving location Source of classification or shelving scheme Lost status Koha full call number
Central Library, BUET 2014-11-297234012014-11-292014-11-29530BUE1981Central Library, BUETGeneral Book  Circulation section  530/BUE/1981
Central Library, BUET 2014-12-097241522014-12-092014-12-09530BUE1981Central Library, BUETGeneral Book  Circulation section  530/BUE/1981